Desarrollo urbano y regional en América Latina: problemas y políticas /
Guardat en:
| Autor principal: | |
|---|---|
| Altres autors: | |
| Format: | Text |
| Publicat: |
México D.F.:
Fondo de Cultura Económica
|
| Etiquetes: |
Afegir etiqueta
Sense etiquetes, Sigues el primer a etiquetar aquest registre!
|
MARC
| LEADER | 00000 a a2200000 04500 | ||
|---|---|---|---|
| 001 | 22204 | ||
| 003 | |||
| 040 | |||
| 090 | |a 150600 | ||
| 100 | |a Unikel, Luis | ||
| 245 | |a Desarrollo urbano y regional en América Latina: problemas y políticas / |c Luis Unikel | ||
| 260 | |a México D.F.: |b Fondo de Cultura Económica | ||
| 300 | |a 732 p. | ||
| 700 | |a Necochea Vergara, Andrés | ||
| 999 | |c 16435 |d 16435 | ||
